El Nopal: emblema nacional (Record no. 11083)

MARC details
000 -CABECERA
campo de control de longitud fija 01798nam a2200265 i 4500
001 - NÚMERO DE CONTROL
campo de control BRCA_9371
003 - IDENTIFICADOR DEL NÚMERO DE CONTROL
campo de control BRCA
005 - FECHA Y HORA DE LA ÚLTIMA TRANSACCIÓN
campo de control 20240122174404.0
006 - CÓDIGOS DE INFORMACIÓN DE LONGITUD FIJA--CARACTERÍSTICAS DEL MATERIAL ADICIONAL
campo de control de longitud fija a|||||r|||| 001 |
007 - CAMPO FIJO DE DESCRIPCIÓN FÍSICA--INFORMACIÓN GENERAL
campo de control de longitud fija ta
008 - DATOS DE LONGITUD FIJA--INFORMACIÓN GENERAL
campo de control de longitud fija 240122b |||||||| |||| 00| 0 eng d
020 ## - NÚMERO INTERNACIONAL ESTÁNDAR DEL LIBRO
Número Internacional Estándar del Libro 978-607-8172-41-2
040 ## - FUENTE DE LA CATALOGACIÓN
Centro catalogador/agencia de origen Biblioteca Franz Mayer
Lengua de catalogación spa
Centro/agencia transcriptor Biblioteca Rogerio Casas Alatristes
Centro/agencia modificador Biblioteca Rogerio Casas Alatristes
050 ## - SIGNATURA TOPOGRÁFICA DE LA BIBLIOTECA DEL CONGRESO
Número de clasificación F1201
Número de documento/Ítem .C352 2017
082 ## - NÚMERO DE LA CLASIFICACIÓN DECIMAL DEWEY
Número de edición 0
100 ## - ENTRADA PRINCIPAL--NOMBRE DE PERSONA
Nombre de persona Castillo, Gilda
Término indicativo de función/relación Coordinación editorial y cuidado de la edición
9 (RLIN) 30012
245 ## - MENCIÓN DE TÍTULO
Título El Nopal: emblema nacional
Mención de responsabilidad, etc. Gilda Castillo, Coordinación editorial y cuidado de la edición; Agustín Estrada y Araceli Limón, Diseño, fotografía y edición
250 ## - MENCIÓN DE EDICIÓN
Mención de edición Primera edición
260 ## - PUBLICACIÓN, DISTRIBUCIÓN, ETC.
Lugar de publicación, distribución, etc. México
Nombre del editor, distribuidor, etc. Fundación Herdez
Fecha de publicación, distribución, etc. 2017
300 ## - DESCRIPCIÓN FÍSICA
Extensión 122 páginas
Otras características físicas Fotografías y tablas
Dimensiones 18 x 18 cm
500 ## - NOTA GENERAL
Nota general Fotografía de una pintura de la Colección Franz Mayer: página 29
501 ## - NOTA DE "CON"
Nota de “Con” Ubicación: L59-N5
520 ## - SUMARIO, ETC.
Sumario, etc. En buena parte del territorio de México las plantas de nopal son un elemento importante del paisaje. Su imagen guarda para nosotros significados diversos y uno de los más relevantes es sin duda su presencia en el escudo nacional. Este símbolo nos habla del mito fundacional de la nación mexicana. También descubrimos las profundas raíces simbólicas que tiene el nopal para nuestra cultura desde tiempos prehispánicos, a partir de las numerosas representaciones del mismo en códices, por ejemplo. Nos enteramos que a largo de la historia el emblema nacional ha pasado por diversos estadios antes de llegar a ser tal como lo conocemos hoy. Pero de algo podemos estar seguros y es que el nopal y sus frutos, las tunas, han estado siempre presentes en nuestra alimentación.
942 ## - ELEMENTOS DE PUNTO DE ACCESO ADICIONAL (KOHA)
Fuente del sistema de clasificación o colocación Library of Congress Classification
Tipo de ítem Koha Libros
Edición Primera edicion
Holdings
Estado de retiro Estado de pérdida Fuente del sistema de clasificación o colocación Estado dañado No para préstamo Localización permanente Ubicación/localización actual Fecha de adquisición Fuente de adquisición Total de préstamos Signatura topográfica completa Código de barras Fecha visto por última vez Precio válido a partir de Tipo de ítem Koha
El ejemplar forma parte de la colección y puede ser consultado según las políticas vigentes.   Library of Congress Classification     Biblioteca del Museo Franz Mayer (Rogerio Casas-Alatriste) Biblioteca del Museo Franz Mayer (Rogerio Casas-Alatriste) 22/01/2024 Donación   F1201. C352 2017 CONT10241 22/01/2024 22/01/2024 Libros